Jednorožec z Útulku /
Jako malá jsem čekala, že mi do života přijde Jednorožec. Nepřišel. Přišel až po padesátce. A s přechodem. Vtipná knížka o životě, vztazích a všem, co jsme si mysleli, že bude jinak. A Jednorožec? Je tlustej, drzej, občas nechutnej a překvapivě moudrej. Kopyta má špinavý a zadarmo nevozí ani děti do...
Uloženo v:
| Hlavní autor: | |
|---|---|
| Médium: | E-kniha |
| Jazyk: | Czech |
| Vydáno: |
Praha :
Albatros Media a.s.,
2026
|
| Tagy: |
Žádné tagy |
| LEADER | 01505nam a22002297i 4500 | ||
|---|---|---|---|
| 001 | 305195 | ||
| 007 | ta | ||
| 008 | 260601s2026 xr ||||| |||| 00| 0 cze d | ||
| 020 | |a 9788026751656 | ||
| 044 | |a xr | ||
| 100 | 1 | |a Metelková, Romana |4 aut | |
| 245 | 1 | 0 | |a Jednorožec z Útulku / |c Metelková, Romana |
| 264 | 1 | |a Praha : |b Albatros Media a.s., |c 2026 | |
| 300 | |a 1 online zdroj (176 stran) | ||
| 336 | |a text |b txt |2 rdacontent | ||
| 337 | |a bez média |b n |2 rdamedia | ||
| 338 | |a online zdroj |b cr |2 rdacarrier | ||
| 520 | 2 | |a Jako malá jsem čekala, že mi do života přijde Jednorožec. Nepřišel. Přišel až po padesátce. A s přechodem. Vtipná knížka o životě, vztazích a všem, co jsme si mysleli, že bude jinak. A Jednorožec? Je tlustej, drzej, občas nechutnej a překvapivě moudrej. Kopyta má špinavý a zadarmo nevozí ani děti do školy. Pohádka pro dospělé, kteří se chtějí zasmát, trochu se v tom poznat a zjistit, že v tom bordelu nejsou sami. Protože ano… vesmír splní přání. Jen někdy o pár dekád později. | |
| 910 | |a RBIT002 | ||
| 998 | |d 427509 |a https://core.palmknihy.cz/api/books/427509/cover?tfvcgl |b https://core.palmknihy.cz/api/books/427509/cover/400?tfvcgl |c https://core.palmknihy.cz/api/books/427509/cover/50?tfvcgl |e 2030-08-13 |g 176 |i 9788026751656 |j https://core.palmknihy.cz/api/books/427509/preview.epub |k https://core.palmknihy.cz/api/books/427509/preview.pdf |l |q 49 |r 1 |s https://www.palmknihy.cz/kniha/427509 |t ebook |y 2026 |z 1 | ||
| 999 | |d 305193 | ||